Central Library OPAC University of Rajshahi

The central role of hormones / (Record no. 12288)

MARC details
000 -LEADER
fixed length control field 00792nam a2200277 4500
001 - CONTROL NUMBER
control field 12288
003 - CONTROL NUMBER IDENTIFIER
rucl marc code BD-RjUL
005 - DATE AND TIME OF LATEST TRANSACTION
control field 20211208235252.0
008 - FIXED-LENGTH DATA ELEMENTS--GENERAL INFORMATION
fixed length control field 140128t1969 stka b 001 0 eng
020 ## - INTERNATIONAL STANDARD BOOK NUMBER
International Standard Book Number 0050020692
035 ## - SYSTEM CONTROL NUMBER
System control number (BD-RjUL)12337
040 ## - CATALOGING SOURCE
Original cataloging agency DLC
Transcribing agency DLC
Modifying agency DLC
-- BD-RjUL
Language of cataloging eng
041 ## - LANGUAGE CODE
Language code of text/sound track or separate title eng
082 00 - DEWEY DECIMAL CLASSIFICATION NUMBER
Classification number 591.1927
Edition number 16
Author mark and year PIC 1969
100 1# - MAIN ENTRY--PERSONAL NAME
Personal name Pickford, Mary,
Dates associated with a name 1902-
9 (RLIN) 38162
245 14 - TITLE STATEMENT
Title The central role of hormones /
Statement of responsibility, etc. Mary Pickford.
260 ## - PUBLICATION, DISTRIBUTION, ETC. (IMPRINT)
Place of publication, distribution, etc. Edinburgh :
Name of publisher, distributor, etc. Oliver & Boyd,
Date of publication, distribution, etc. c1969.
300 ## - PHYSICAL DESCRIPTION
Pagination vii, 112 p. :
Illustrations illus. ;
Size 19 cm.
350 ## - PRICE (NR) (BK AM CF MU VM SE) [OBSOLETE]
Price 7/6
490 0# - SERIES STATEMENT
Series statement Contemporary science paperbacks, 41
504 ## - BIBLIOGRAPHY, ETC. NOTE
Bibliography, etc includes bibliographical reference and index.
650 #0 - SUBJECT ADDED ENTRY--TOPICAL TERM
Topical term or geographic name as entry element Hormones.
9 (RLIN) 38163
942 ## - ADDED ENTRY ELEMENTS (KOHA)
Source of classification or shelving scheme Dewey Decimal Classification
Koha item type Books
Holdings
Lost status Source of classification or shelving scheme Damaged status Not for loan Collection code Permanent Location Current Location Shelving location Date acquired Source of acquisition Cost, normal purchase price Total Checkouts Full call number Date last seen Copy number Koha item type
  Dewey Decimal Classification   Not For Loan Non-fiction Central Library, University of Rajshahi Central Library, University of Rajshahi Reading Room 15/10/1973 mitali Prokasoni 9.00   591.1927 PIC 1969 28/01/2014 C-1 Books